| 000 | 01117 a2200205 4500 | ||
|---|---|---|---|
| 001 | 29721 | ||
| 005 | 20260407155608.0 | ||
| 008 | 260407a1968 arg spa d | ||
| 003 | AR-UNSa-BCEJYS | ||
| 040 |
_aAR-UNSa-BCEJYS _bspa _cAR-UNSa-BCEJYS |
||
| 080 |
_a657.37 _xBalance anual. Cierre de cuentas (Consolidación) |
||
| 245 | 1 | 0 |
_aBalances consolidados _pintroducción a su estudio |
| 250 | _a2a. ed | ||
| 264 | 1 |
_aBuenos Aires : _bDepalma _c1968 |
|
| 300 |
_a56 p. _c21 cm. |
||
| 505 | _a1. Ámbito de aplicación de los estados consolidados - 2 . Necesidad de confeccionar los estados consolidados - 3. Cúando debe procederse a la consolidación - 4. Definición de los balances consolidados - 5. Confección de balances consolidados - 6. Créditos recíprocos - 7. Ganancias y pérdidas recíprocas - 8. Confección de balances consolidados: Su técnica - 9. Balances consolidados de incorporación - 10. Balances consolidados de ejercicio - 11. Reglas para la consolidación de balances - 12. Conclusiones | ||
| 942 | _cBK | ||
| 590 | _aniveau_biblio:m niveau_hierar:0 | ||
| 100 | 1 | _aVázquez Ger, Jesús | |
| 999 |
_c1947 _d1947 |
||